Normal view
MARC view
- Consultants
Entry Topical Term
001 - CONTROL NUMBER
- control field: 43618
003 - CONTROL NUMBER IDENTIFIER
- control field: OSt
005 - DATE AND TIME OF LATEST TRANSACTION
- control field: 20211104114238.0
008 - FIXED-LENGTH DATA ELEMENTS
- fixed length control field: 211104|| aca||aabn | a|a d
040 ## - CATALOGING SOURCE
- Original cataloging agency: OSt
- Transcribing agency: OSt
150 ## - HEADING--TOPICAL TERM
- Topical term or geographic name entry element: Consultants
- General subdivision: Responsibilities.
670 ## - SOURCE DATA FOUND
- Source citation: Work cat.: (OSt): The roles and responsibilities of professional advisors., ©2016.
